Izolácia potenciálnych potravinárskych aditív z kôry smreka obyčajného a sledovanie ich biologickej aktivity

Uložené v:
Podrobná bibliografia
Hlavný autor: Utekalová, Katarína (Autor)
Ďalší autori: Kreps, František (Vedúci práce)
Médium: Rukopis Kniha
Jazyk:Slovak
Vydavateľské údaje: 2018
Predmet:
On-line prístup:http://is.stuba.sk/zp/portal_zp.pl?podrobnosti=139485
Tagy: Pridať tag
Žiadne tagy, Buďte prvý, kto otaguje tento záznam!

MARC

LEADER 00000ntm a22000003a 4500
001 stuzp69820
003 SK-STU
005 20180602211335.8
007 ta
008 150427s2015----xo-----f-mn---000-0-slo-d
040 |a STU  |b slo 
041 0 |a slo 
100 1 |a Utekalová, Katarína  |u 040200  |4 aut  |U FCHPT Fakulta chemickej a potravinárskej technológie  |T FCHPT Ústav potravinárstva a výživy  |X 63803  |U C020  |Y 684  |7 63803 
242 0 1 |a Isolation of potential food additives from bark spruce and monitoring of their biological activity  |y eng 
245 1 0 |a Izolácia potenciálnych potravinárskych aditív z kôry smreka obyčajného a sledovanie ich biologickej aktivity 
260 |c 2018 
650 4 |a smreková kôra  |2 slo 
650 4 |a protinádorový účinok  |2 slo 
650 4 |a hodnoty IC50  |2 slo 
650 4 |a flash chromatografia  |2 slo 
650 4 |a izolované látky  |2 slo 
650 4 |a flash chromatography  |2 eng 
650 4 |a isolated substances  |2 eng 
650 4 |a antitumor effect  |2 eng 
650 4 |a IC50 values  |2 eng 
650 4 |a spruce bark  |2 eng 
700 1 |a Kreps, František  |u 040250  |k Z2  |4 ths  |U FCHPT Ústav potravinárstva a výživy  |T FCHPT Oddelenie potravinárskej technológie  |X 40487  |U C0250  |Y 685  |7 A000040487 
856 4 |u http://is.stuba.sk/zp/portal_zp.pl?podrobnosti=139485